000 00300 a2200133 4500
001 194955
040 _cMagnum
100 _aSousa, Maurício de
240 1 0 _aTurma da Mônica Jovem
_lpor
245 1 0 _aTurma da Mônica Jovem
300 _a132
697 _aLITERATURA INFANTO-JUVENIL
942 _cBK
999 _c194955
_d194955